<?xml version="1.0" encoding="UTF-8"?><?xml-stylesheet type="text/xsl" href="static/style.xsl"?><OAI-PMH xmlns="http://www.openarchives.org/OAI/2.0/" xmlns:xsi="http://www.w3.org/2001/XMLSchema-instance" xsi:schemaLocation="http://www.openarchives.org/OAI/2.0/ http://www.openarchives.org/OAI/2.0/OAI-PMH.xsd"><responseDate>2026-06-03T10:51:24Z</responseDate><request verb="GetRecord" identifier="oai:riuma.uma.es:10630/38029" metadataPrefix="marc">https://riuma.uma.es/rest/oai/request</request><GetRecord><record><header><identifier>oai:riuma.uma.es:10630/38029</identifier><datestamp>2026-02-03T10:24:32Z</datestamp><setSpec>com_10630_1685</setSpec><setSpec>col_10630_38055</setSpec></header><metadata><record xmlns="http://www.loc.gov/MARC21/slim" xmlns:dcterms="http://purl.org/dc/terms/" xmlns:doc="http://www.lyncode.com/xoai" xmlns:xsi="http://www.w3.org/2001/XMLSchema-instance" xsi:schemaLocation="http://www.loc.gov/MARC21/slim http://www.loc.gov/standards/marcxml/schema/MARC21slim.xsd">
   <leader>00925njm 22002777a 4500</leader>
   <datafield ind2=" " ind1=" " tag="042">
      <subfield code="a">dc</subfield>
   </datafield>
   <datafield ind2=" " ind1=" " tag="720">
      <subfield code="a">Montenegro Raya, Encarnación</subfield>
      <subfield code="e">author</subfield>
   </datafield>
   <datafield ind2=" " ind1=" " tag="260">
      <subfield code="c">2019</subfield>
   </datafield>
   <datafield ind2=" " ind1=" " tag="520">
      <subfield code="a">Las terapias de la tercera generación surgen aproximadamente en la década de los 90 como alternativa a las terapias de la segunda y tercera “ola” recogiendo, además de nuevos conceptos, aspectos básicos de las mismas como la importancia de los procesos de condicionamiento y de la cognición. De entre esta tercera “ola” de terapias destaca la Terapia de aceptación y compromiso (ACT), cuyo objetivo principal gira en torno a la creación de una vida significativa en el paciente, aceptando que el dolor ineludiblemente forma parte de la misma. El presente trabajo abarca una revisión teórica en la que se aborda la eficacia de la Terapia de Aceptación y compromiso (ACT) como intervención en el trastorno obsesivo compulsivo. Los resultados hallados muestran que la ACT resulta eficaz en dicho trastorno, llegando a superar al modelo de intervención “estándar”, la exposición con prevención de respuesta o incluso al tratamiento farmacológico.</subfield>
   </datafield>
   <datafield ind1="8" ind2=" " tag="024">
      <subfield code="a">https://hdl.handle.net/10630/38029</subfield>
   </datafield>
   <datafield tag="653" ind2=" " ind1=" ">
      <subfield code="a">Psicología - Trabajos fin de grado</subfield>
   </datafield>
   <datafield tag="653" ind2=" " ind1=" ">
      <subfield code="a">Terapia de aceptación y compromiso - Trabajos fin de grado</subfield>
   </datafield>
   <datafield tag="653" ind2=" " ind1=" ">
      <subfield code="a">Obsesión (Psicología)</subfield>
   </datafield>
   <datafield ind2="0" ind1="0" tag="245">
      <subfield code="a">Terapia de aceptación y compromiso en trastorno obsesivo compulsivo.</subfield>
   </datafield>
</record>
</metadata></record></GetRecord></OAI-PMH>